01332nam a2200241Ia 4500001000600000003000900006008004100015040001300056040001300069041001300082100001900095100002900114245003000143245005000173250001100223260001200234260003400246260004900280300005800329500064800387650002401035650003101059A8174IT-RoPAU130308s9999 xx 000 0 und d aIT-RoPAU cIT-RoPAU aITALIANO aGiglioni Paolo gCodice Aut. SPICS: 35233 aInculturazione e missione bChiesa locale e inculturazione nella Missione a1a ed. aBOLOGNA bEditrice Missionaria Italiana c1987 [1° Ed.:1987 - Ed.Ling.Originale:1987] a"55 p. (prefazione: no ; testo: 55 [pagine: 76-130])" aUrgenza di un impegno per la Chiesa Missionaria. Azione Missionaria. Dialogo con le Culture. Un Nuovo Vocabolario. Acculturazione e Inculturazione. tra Continuità e Rinnovamento. Bibbia e Liturgia. Esperienza di propaganda Fide. Vangelo e Culture nel Vaticano Ii. Sacrosanctum Concilium. Lumen Gentium. Ad Gentes. Gaudium Et Spes. Fondamenti Teologici dell'Inculturazione. legge del Dialogo. legge dell'Incarnazione. Dialogo Evangelizzante. Conoscere e promuovere le Culture. Apprendere le Espressioni Piu' Significative. Mantenendo L'Unità e la Cattolicità della Chiesa. Alcuni Modelli D'Inculturazione: Cirillo e Metodio, Matteo Ricci. aPASTORALE E CULTURE eCodice materia Spics: 9302